Widok standardowy
Widok MARC
Pozycja Personal Name
Liczba rekordów, w których użyto hasła: 2
001 - Numer kontrolny
- control field: 40716
003 - Identyfikator numeru kontrolnego
- control field: NUKAT
005 - Data i czas ostatniej modyfikacji
- control field: 20260427215825.0
008 - Dane kontrolne kodowane (40 znaków)
- fixed length control field: 990812n||a|znnaabn |a aaa |c
010 ## - Numer kontrolny Biblioteki Kongresu
- numer kontrolny LC: n 99054012
024 7# - OTHER STANDARD IDENTIFIER
- Standard number or code: 34829791
- Source of number or code: viaf
024 7# - OTHER STANDARD IDENTIFIER
- Standard number or code: 0000000061202475
- Source of number or code: isni
024 7# - OTHER STANDARD IDENTIFIER
- Standard number or code: Q16453239
- Source of number or code: wikidata
040 ## - Instytucja sporządzająca rekord
- inst. przygot. dane do rek. khw: WA U/tl
- język haseł przedmiotowych/tezaurus: kaba
- inst. wprow. rek. khw: WA U/tl
046 ## - Special dates
- Birth date: 1879
- Death date: 1944
100 1# - Hasło - nazwa osobowa
- nazwa osobowa w formie ujednoliconej: Iwaszkiewicz, Janusz
- daty biograficzne: (1879-1944).
372 ## - Field of activity
- Field: Historia.
- Auth control #: http://nukat.edu.pl/aut/s 94205867
- Source of term: kaba
374 ## - Occupation
- Occupation: Historycy.
- Auth control #: http://nukat.edu.pl/aut/s 94205772
- Source of term: kaba
400 1# - Trop zob. - nazwa osobowa
- nazwa osobowa (nazwisko, imiona): Iwaszkiewicz, Jean.
670 ## - Źródło informacji
- źródło informacji: Kp. Z pamiętników Hipolita Klimaszewskiego / Janusz Iwaszkiewicz. - Wilno, 1929.
670 ## - Źródło informacji
- źródło informacji: PSB
670 ## - Źródło informacji
- źródło informacji: BUW